000 01490nam a2200289 a 4500
001 ebr10055162
003 CaPaEBR
006 m u
007 cr cn|||||||||
008 950428s1995 dcua sb f000 0 eng d
010 _z 95069191
020 _z0309052882
040 _aCaPaEBR
_cCaPaEBR
035 _a(OCoLC)44963700
050 1 4 _aTD812.3.C2
_bW37 1995eb
082 0 4 _a363.72/896/09794
_220
245 0 0 _aWard Valley
_h[electronic resource] :
_ban examination of seven issues in earth sciences and ecology /
_cCommittee to Review Specific Scientific and Technical Safety Issues Related to the Ward Valley, California Low-Level Radioactive Waste Site, Board on Radioactive Waste Management, Commission on Geosciences, Environment, and Resources, National Research Council.
260 _aWashington, DC :
_bNational Academy Press,
_c1995.
300 _a1 v. (various pagings) :
_bill.
504 _aIncludes bibliographical references.
533 _aElectronic reproduction.
_bPalo Alto, Calif. :
_cebrary,
_d2013.
_nAvailable via World Wide Web.
_nAccess may be limited to ebrary affiliated libraries.
650 0 _aLow level radioactive waste disposal facilities
_xLocation
_zCalifornia
_zWard Valley.
650 0 _aHazardous waste sites
_zCalifornia
_zWard Valley.
655 7 _aElectronic books.
_2local
710 2 _aebrary, Inc.
856 4 0 _uhttp://site.ebrary.com/lib/rucke/Doc?id=10055162
_zAn electronic book accessible through the World Wide Web; click to view
999 _c166027
_d166027